00455nam a2200145 a 4500008004100000020001500041050001500056100001800071245009500089260003200184300001500216350000900231650005500240700001400295120416s1999 ||||||||||||||||| || u a0070381836 aTD 145 Han aLin, Dar Shun10aHandbook of environmental engineering calculationsc[edited by] C. C. Lee and Shun Dar Lin aNew YorkbMcGraw-Hillc1999 aix, : ill. a0.00 aENVIRONMENTAL ENGINEERING--HANDBOOKS, MANUALS, ETC aLee, C. C